000 00705nam a2200229Ia 4500
003 OSt
005 20220918200829.0
006 a|||||r|||| 00| 0
007 ta
008 220917b |||||||| |||| 00| 0 eng d
024 _a90,491
037 _cTextual
040 _aARTS
_cARTS
_beng
041 _2eng
_aeng
082 _aU8:6:M8, C12 (906)
100 _aWissmann Hermann Von
_995738
245 0 _aMy second journey through equatorial Africa from the Congo to the Eambesi in the years 1886 and 1887 tr from the German by Minna J A Bergmann
260 _c1891
650 _aGEOGRAPHY
942 _hU8:6:M8, C12 (906)
_cTEXL
_2CC
999 _c214152
_d214152